000 00454nam a2200181 i 4500
001 bg
100 1 _aGERSMAN, B. N.
245 0 _aDinamika ionosfernoj plazmy /
_cB. N. Gersman.
260 _aMoskva :
_bIzdat. "Nauka",
_c1974.
300 _as. 256 :
_brys.
500 _a[Alf. ros.].
504 _a[Zawiera bibliogr. s. 248-256].
040 _cBPK
041 _apol
080 _a533.9
942 _cKS
008 s pl f |000 0 pol
999 _c26744
_d26744
856 _uhttp://koha.tu.koszalin.pl/cgi-bin/koha/opac-detail.pl?biblionumber=26744
_yKatalog online BPK